Statistics for Cities

Click here to take the quiz!

General Stats

  • This quiz has been taken 44 times
  • The average score is 111 of 112

Answer Stats

QuestionTileSelect% Correct
RussiaAnkaraNo
100%
JapanAstanaNo
100%
TaiwanAugustaNo
100%
RussiaBaghdadNo
100%
RussiaBangkokNo
100%
TaiwanBishkekNo
100%
RussiaBusanNo
100%
IndiaCasablancaNo
100%
MongoliaCasablancaNo
100%
RussiaChennaiNo
100%
MongoliaChennaiNo
100%
JapanChonqingNo
100%
JapanDagestanNo
100%
RussiaDamascusNo
100%
TaiwanDhakaNo
100%
JapanGuangzhouNo
100%
JapanHanoiNo
100%
RussiaHanoiNo
100%
RussiaHong KongNo
100%
JapanHong KongNo
100%
KazakhstanHong KongNo
100%
MongoliaIndiaNo
100%
JapanIndianapolisNo
100%
MongoliaIndianapolisNo
100%
IndiaIslamabadNo
100%
RussiaIstanbulNo
100%
TaiwanJakartaNo
100%
IndiaJakartaNo
100%
MongoliaJapanNo
100%
TaiwanJapanNo
100%
IndiaJapanNo
100%
KazakhstanJapanNo
100%
KazakhstanJordanNo
100%
KazakhstanKyotoNo
100%
KazakhstanMacauNo
100%
IndiaMedanNo
100%
MongoliaMongoliaNo
100%
MongoliaMontevideoNo
100%
MongoliaMoscowNo
100%
MongoliaMumbaiNo
100%
IndiaNagoyaNo
100%
MongoliaNagoyaNo
100%
MongoliaOttawaNo
100%
MongoliaPeshawarNo
100%
KazakhstanPort of SpainNo
100%
MongoliaPuneNo
100%
TaiwanPyongyangNo
100%
RussiaPyongyangNo
100%
JapanPyongyangNo
100%
IndiaRoseauNo
100%
IndiaSari Sari WaterfallNo
100%
RussiaSeoulNo
100%
IndiaSeoulNo
100%
JapanSeoulNo
100%
RussiaShirazNo
100%
TaiwanSt LukeNo
100%
TaiwanSt MarkNo
100%
TaiwanSt. PatrickNo
100%
TaiwanSt PeterNo
100%
RussiaTaipeiNo
100%
KazakhstanTaipeiNo
100%
TaiwanTallahasseeNo
100%
TaiwanTashkentNo
100%
RussiaTehranNo
100%
IndiaTijuanaNo
100%
RussiaTokyoNo
100%
IndiaTokyoNo
100%
IndiaTulaNo
100%
MongoliaUrumqiNo
100%
IndiaUrumqiNo
100%
TaiwanVientianeNo
100%
JapanWashington D.CNo
100%
JapanWenzhouNo
100%
KazakhstanXiningNo
100%
JapanYangonNo
100%
KazakhstanYokohamaNo
100%
JapanZhengzhouNo
100%
ChinaBaghdadNo
97%
IndiaBandungNo
97%
JapanBusanNo
97%
KazakhstanDagestanNo
97%
ChinaGothenburgNo
97%
ChinaHelsinkiNo
97%
ChinaIstanbulNo
97%
TaiwanJaipurNo
97%
ChinaJakartaNo
97%
ChinaJordanNo
97%
MongoliaKunyakumariNo
97%
ChinaKyotoNo
97%
ChinaMedanNo
97%
ChinaNagoyaNo
97%
KazakhstanNagoyaNo
97%
TaiwanOsakaNo
97%
KazakhstanOsakaNo
97%
ChinaPhnom PenhNo
97%
KazakhstanRoseauNo
97%
ChinaTashkentNo
97%
KazakhstanTokyoNo
97%
JapanTokyoYes
97%
ChinaTokyoNo
97%
JapanTulaNo
97%
KazakhstanUlaanbaatarNo
97%
ChinaVientianeNo
97%
RussiaMoscowYes
95%
IndiaMumbaiYes
95%
ChinaShymkentNo
95%
MongoliaUlaanbaatarYes
95%
ChinaBandungNo
92%
KazakhstanNur SultanYes
92%
IndiaPeshawarNo
92%
TaiwanTaipeiYes
89%
ChinaHong KongYes
84%

Score Distribution

Percentile by Number Answered

Percent of People with Each Score

Your Score History

You have not taken this quiz